Welcome to CU Library Online Public Access Catalogue (OPAC)

Fever : (Record no. 3220)

MARC details
000 -LEADER
fixed length control field 00538cam a2200193 a 4500
001 - CONTROL NUMBER
control field 2941904
005 - DATE AND TIME OF LATEST TRANSACTION
control field 20250129135448.0
008 - FIXED-LENGTH DATA ELEMENTS--GENERAL INFORMATION
fixed length control field 900827s1991 nyua b 001 0 eng
020 ## - INTERNATIONAL STANDARD BOOK NUMBER
International Standard Book Number 0881677191
050 00 - LIBRARY OF CONGRESS CALL NUMBER
Classification number RB129
Item number .F48 1991
082 00 - DEWEY DECIMAL CLASSIFICATION NUMBER
Classification number 616/.047
Edition information 20
245 00 - TITLE STATEMENT
Title Fever :
Remainder of title basic mechanisms and management /
Statement of responsibility, etc. editor, Philip A. Mackowiak.
260 ## - PUBLICATION, DISTRIBUTION, ETC.
Place of publication, distribution, etc. New York :
Name of publisher, distributor, etc. Raven Press,
Date of publication, distribution, etc. c1991.
300 ## - PHYSICAL DESCRIPTION
Extent xvi, 366 p. :
Other physical details ill. ;
Dimensions 26 cm.
650 #0 - SUBJECT ADDED ENTRY--TOPICAL TERM
Topical term or geographic name entry element Fever.
650 #2 - SUBJECT ADDED ENTRY--TOPICAL TERM
Topical term or geographic name entry element Fever.
700 1# - ADDED ENTRY--PERSONAL NAME
Personal name Mackowiak, Philip A.
942 ## - ADDED ENTRY ELEMENTS (KOHA)
Source of classification or shelving scheme Library of Congress Classification
Koha item type Books
Suppress in OPAC No
999 ## -
-- 3220
-- 3220
Holdings
Withdrawn status Lost status Source of classification or shelving scheme Damaged status Not for loan Collection Home library Current library Shelving location Date acquired Total checkouts Full call number Barcode Date last seen Copy number Price effective from Koha item type
    Library of Congress Classification     Non-fiction Science Library (Miotso) Science Library (Miotso) General stacks 01/29/2025   RB129 .F48 FEV SLM00002569 01/29/2025 1 01/29/2025 Books
    Library of Congress Classification     Non-fiction Science Library (Miotso) Science Library (Miotso) General stacks 01/29/2025   RB129 .F48 FEV SLM00002570 01/29/2025 2 01/29/2025 Books
    Library of Congress Classification     Non-fiction Science Library (Miotso) Science Library (Miotso) General stacks 01/29/2025   RB129 .F48 FEV SLM00002571 01/29/2025 3 01/29/2025 Books
    Library of Congress Classification     Non-fiction Science Library (Miotso) Science Library (Miotso) General stacks 01/29/2025   RB129 .F48 FEV SLM00002572 01/29/2025 4 01/29/2025 Books
    Library of Congress Classification     Non-fiction Science Library (Miotso) Science Library (Miotso) General stacks 01/29/2025   RB129 .F48 FEV SLM00002573 01/29/2025 5 01/29/2025 Books
    Library of Congress Classification     Non-fiction Science Library (Miotso) Science Library (Miotso) General stacks 01/29/2025   RB129 .F48 FEV SLM00002574 01/29/2025 6 01/29/2025 Books
    Library of Congress Classification     Non-fiction Science Library (Miotso) Science Library (Miotso) General stacks 01/29/2025   RB129 .F48 FEV SLM00002575 01/29/2025 7 01/29/2025 Books
    Library of Congress Classification     Non-fiction Science Library (Miotso) Science Library (Miotso) General stacks 01/29/2025   RB129 .F48 FEV SLM00002576 01/29/2025 8 01/29/2025 Books
    Library of Congress Classification     Non-fiction Science Library (Miotso) Science Library (Miotso) General stacks 01/29/2025   RB129 .F48 FEV SLM00002577 01/29/2025 9 01/29/2025 Books
© 2023-2024 Copyright: Central University Libraries. All Rights Reserved | Created by: Mahone Tech Office